El hombre de hierro : (Registro nro. 8571)
[ vista simple ]
| 000 -CABECERA | |
|---|---|
| campo de control de longitud fija | 00726cam a2200229 a 4500 |
| 001 - NÚMERO DE CONTROL | |
| campo de control | 000008802 |
| 005 - FECHA Y HORA DE LA ÚLTIMA TRANSACCIÓN | |
| campo de control | 20200929161418.0 |
| 008 - DATOS DE LONGITUD FIJA--INFORMACIÓN GENERAL | |
| campo de control de longitud fija | 770112s1972 ve 000 f spa d |
| 040 ## - FUENTE DE LA CATALOGACIÓN | |
| Centro catalogador/agencia de origen | DO-SdBNP |
| Centro/agencia modificador | BNPHU |
| 082 ## - NÚMERO DE LA CLASIFICACIÓN DECIMAL DEWEY | |
| Número de clasificación | V863.44 |
| Número de documento/Ítem | B641ho |
| 049 ## - FONDOS LOCALES (OCLC) | |
| Fondos de biblioteca | BNGR |
| 100 1# - ENTRADA PRINCIPAL--NOMBRE DE PERSONA | |
| Nombre de persona | Blanco-Fombona, Rufino, |
| Fechas asociadas al nombre | 1874-1944 |
| 9 (RLIN) | 3877 |
| 245 13 - MENCIÓN DE TÍTULO | |
| Título | El hombre de hierro : |
| Resto del título | novelin / |
| Mención de responsabilidad, etc. | Rufino Blanco Fombona. |
| 260 ## - PUBLICACIÓN, DISTRIBUCIÓN, ETC. | |
| Lugar de publicación, distribución, etc. | Caracas, Venezuela : |
| Nombre del editor, distribuidor, etc. | Monte Ávila, |
| Fecha de publicación, distribución, etc. | 1972. |
| 300 ## - DESCRIPCIÓN FÍSICA | |
| Extensión | 167 p. ; |
| Dimensiones | 16 cm. |
| 490 1# - MENCIÓN DE SERIE | |
| Mención de serie | Biblioteca popular. El Dorado |
| Designación de volumen o secuencia | 26 |
| 650 #4 - PUNTO DE ACCESO ADICIONAL DE MATERIA--TÉRMINO DE MATERIA | |
| Término de materia o nombre geográfico como elemento de entrada | Novela venezolana |
| 9 (RLIN) | 3962 |
| 650 #4 - PUNTO DE ACCESO ADICIONAL DE MATERIA--TÉRMINO DE MATERIA | |
| Término de materia o nombre geográfico como elemento de entrada | Literatura venezolana |
| 9 (RLIN) | 3816 |
| 650 #4 - PUNTO DE ACCESO ADICIONAL DE MATERIA--TÉRMINO DE MATERIA | |
| Término de materia o nombre geográfico como elemento de entrada | Literatura latinoaméricana |
| 9 (RLIN) | 4717 |
| 830 #0 - PUNTO DE ACCESO ADICIONAL DE SERIE-TÍTULO UNIFORME | |
| Título uniforme | Biblioteca popular. El Dorado ; |
| Designación de volumen o secuencia | 26 |
| 9 (RLIN) | 13605 |
| 910 ## - DATOS DE OPCIÓN DEL USUARIO (OCLC) | |
| Datos de opción del usuario | WM |
| Estado de retiro | Estado de pérdida | Restricciones de uso | No para préstamo | Código de colección | Localización permanente | Ubicación/localización actual | Ubicación en estantería | Fecha de adquisición | Número de inventario | Total de préstamos | Signatura topográfica completa | Código de barras | Fecha visto por última vez | Precio válido a partir de | Tipo de ítem Koha | Número de copia |
|---|---|---|---|---|---|---|---|---|---|---|---|---|---|---|---|---|
| Monografías: Libros y Folletos | General | General | Depósito | 18.09.2009 | LF1 | V863.44 B641ho | 8802-10 | 25.06.2020 | 25.06.2020 | Préstamo en sala | ||||||
| Préstamo restringido | Préstamo restrigido | Monografías: Libros y Folletos | General | General | Depósito | 01.03.2011 | LF1 | V863.44 B641ho | 8802-20 | 25.06.2020 | 25.06.2020 | Préstamo en sala | e.2 |
